LEADER 01276nas 2200421 c 450 001 9910147158603321 005 20260218111240.0 035 $a(CKB)1000000000526789 035 $a(OCoLC)163333410 035 $a(OCoLC)643981942 035 $a(DE-101)975335146 035 $a(DE-599)ZDB2192448-X 035 $a(DE-599)2192448-X 035 $a(EXLCZ)991000000000526789 100 $a20050620b20022011 |y | 101 0 $ager 135 $aur||||||||||| 181 $ctxt$2rdacontent 182 $cc$2rdamedia 183 $acr$2rdacarrier 200 10$aMitteilungen / Vereinigung für Deutsch-Russisches Wirtschaftsrecht e.V$eRecht und Praxis der deutsch-russischen Wirtschaftsbeziehungen 210 31$aHamburg$d2002-2011 215 $aOnline-Ressource 311 08$a0942-9247 517 $aMitteilungen 517 $aMitteilungen - Vereinigung für Deutsch-Russisches Wirtschaftsrecht e.V 517 3 $aRecht und Praxis der deutsch-russischen Wirtschaftsbeziehungen 517 1 $aVDRW-Mitteilungen 517 1 $aMitteilungsheft 608 $aZeitschrift$2gnd-content 676 $a340 801 0$b8999 801 1$bDE-101 801 2$b9999 906 $aJOURNAL 912 $a9910147158603321 996 $aMitteilungen$91921076 997 $aUNINA